Enemies of ASEAN Countries - Statistics

General Stats
  • This quiz has been taken 211 times
  • The average score is 7 of 9
Answer Stats
Country Enemy % Correct
Brunei China
91%
Philippines China
88%
Vietnam China
87%
Malaysia China
78%
Cambodia Thailand
74%
Laos United States
71%
Myanmar Bangladesh
66%
Indonesia East Timor
62%
Thailand Myanmar
59%
No matching quizzes found
Score Distribution
Percent of People with Each Score
Percentile by Number Answered
Your Score History
You have not taken this quiz